00680 2200181 4500245005200000020002200052250001100074100002400085700000900109650001400118005001900132260003000151041001400181084001200195300002300207500025900230336000900489 aJurus Maut NegosiasicCahyo Satria WijayahText a978-602-99124-1-8 aCet. 1 aCahyo Satria Wijaya aIcha aNegosiasi a20240508112747 aSlemanbSecond Hopec2011 aIndonesia a658.405 a150 hlm. :c19 cm. aNegosiasi tidak lah untuk mencari pemenang dan pecundang; dalam setiap negosiasi terdaoat kesempatan untuk menggunakan kemampuan sosial dan komunikasi efektif dan kreatif untuk membawa kedua belah pihak kearah yang hasil positif bagi kepentingan bersama. atext